অবিস্মরণীয় মানিক মিয়া / (Record no. 26284)
[ view plain ]
| 000 -LEADER | |
|---|---|
| fixed length control field | 00716nam a22001937a 4500 |
| 003 - CONTROL NUMBER IDENTIFIER | |
| control field | BDDh-ASL |
| 005 - DATE AND TIME OF LATEST TRANSACTION | |
| control field | 20231016062613.0 |
| 008 - FIXED-LENGTH DATA ELEMENTS--GENERAL INFORMATION | |
| fixed length control field | 211002s1995 b ||||| |||| 00| 0 b d |
| 040 ## - CATALOGING SOURCE | |
| Transcribing agency | BDDh-ASL |
| 082 ## - DEWEY DECIMAL CLASSIFICATION NUMBER | |
| Classification number | 923.8 |
| Item number | ABI |
| 245 00 - TITLE STATEMENT | |
| Title | অবিস্মরণীয় মানিক মিয়া / |
| 246 ## - VARYING FORM OF TITLE | |
| Title proper/short title | Abismaraniyo Manik Mia |
| 260 ## - PUBLICATION, DISTRIBUTION, ETC. | |
| Place of publication, distribution, etc. | ঢাকা: |
| Name of publisher, distributor, etc. | ইত্তেফাক প্রকাশনা সংস্থা, |
| Date of publication, distribution, etc. | ১৯৯৫। |
| 300 ## - PHYSICAL DESCRIPTION | |
| Extent | ৩১৯ পৃষ্ঠা, : |
| Dimensions | ২২ সে. মি. |
| 600 10 - SUBJECT ADDED ENTRY--PERSONAL NAME | |
| 9 (RLIN) | 4772 |
| Personal name | মিয়া, মানিক |
| 650 #0 - SUBJECT ADDED ENTRY--TOPICAL TERM | |
| 9 (RLIN) | 2694 |
| Topical term or geographic name entry element | Essay |
| 650 #0 - SUBJECT ADDED ENTRY--TOPICAL TERM | |
| Topical term or geographic name entry element | biographical dictionary - চরিতাভিধান |
| 9 (RLIN) | 4665 |
| 942 ## - ADDED ENTRY ELEMENTS (KOHA) | |
| Source of classification or shelving scheme | Dewey Decimal Classification |
| Koha item type | Books |
| Withdrawn status | Lost status | Source of classification or shelving scheme | Damaged status | Not for loan | Collection code | Home library | Current library | Shelving location | Date acquired | Source of acquisition | Total Checkouts | Full call number | Barcode | Date last seen | Copy number | Price effective from | Koha item type |
|---|---|---|---|---|---|---|---|---|---|---|---|---|---|---|---|---|---|
| Dewey Decimal Classification | Non-fiction | Asiatic Society Library | Asiatic Society Library | General Stacks | 10/07/2021 | ASB Collection | 923.8 ABI | 112303 | 10/07/2021 | C-1 | 10/07/2021 | Books |